[Event "Prva liga Centalne Srbije 2009"]
[Site "Vrnjacka Banja"]
[Date "2009.09.19"]
[Round "1.5"]
[White "Vratonjic, Slobo"]
[Black "Lazic, Zeljko"]
[Result "1-0"]
[WhiteElo "2409"]
[BlackElo "2181"]
[PlyCount "107"]
[EventDate "2009.09.19"]

1. e4 g6 2. d4 Bg7 3. c3 Nf6 4. Bd3 d6 5. Nf3 Bg4 6. h3 Bxf3 7. Qxf3 O-O 8. O-O
Nfd7 9. Qe2 e5 10. dxe5 dxe5 11. Na3 Nc5 12. Bc2 Ne6 13. Nc4 Nc6 14. a4 Qh4 15.
Qg4 Qxg4 16. hxg4 Rfd8 17. b4 Nf4 18. Bb2 Ne7 19. Rfd1 b6 20. Kf1 Kf8 21. g3
Ne6 22. Ke2 Rxd1 23. Rxd1 Rd8 24. Rh1 Kg8 25. Bb3 c6 26. Bc1 Nc8 27. Be3 Nd6
28. Nxd6 Rxd6 29. a5 bxa5 30. bxa5 Nc7 31. Bxa7 Nb5 32. Bc5 Nxc3+ 33. Ke3 Rd8
34. a6 Nb5 35. Bc4 Ra8 36. Bxb5 cxb5 37. Ra1 Bf8 38. Bxf8 Kxf8 39. Kd3 Ke7 40.
Kc3 Kd6 41. Kb4 Kc6 42. a7 Kb6 43. g5 Rxa7 44. Rxa7 Kxa7 45. Kxb5 Kb7 46. Kc5
Kc7 47. Kd5 Kd7 48. Kxe5 Ke7 49. f4 Ke8 50. Kd6 Kf8 51. g4 Kg8 52. e5 Kf8 53.
f5 Kg7 54. f6+ 1-0

[Event "Prva liga Centalne Srbije 2009"]
[Site "Vrnjacka Banja"]
[Date "2009.09.19"]
[Round "1.5"]
[White "Misic, Dragan"]
[Black "Zlatanovic, Boroljub"]
[Result "1/2-1/2"]
[WhiteElo "2300"]
[BlackElo "2404"]
[PlyCount "57"]
[EventDate "2009.09.19"]

1. d4 g6 2. Nf3 Bg7 3. g3 Nf6 4. Bg2 O-O 5. O-O d6 6. c4 Nc6 7. Nc3 e5 8. dxe5
Nxe5 9. Nxe5 dxe5 10. Qxd8 Rxd8 11. Bg5 Rd4 12. b3 c6 13. Rad1 Bf5 14. Be3 Rxd1
15. Rxd1 Bf8 16. h3 h5 17. Na4 Nd7 18. Kh2 Be7 19. Bf3 Be6 20. Bc1 Kf8 21. Bb2
f6 22. Kg2 Nc5 23. Nxc5 Bxc5 24. g4 hxg4 25. hxg4 Kg7 26. g5 Rh8 27. e3 Be7 28.
gxf6+ Bxf6 29. Rh1 1/2-1/2

[Event "Prva liga Centalne Srbije 2009"]
[Site "Vrnjacka Banja"]
[Date "2009.09.19"]
[Round "1.5"]
[White "Lazic, Dragoljub"]
[Black "Tomic, Miroslav Lj"]
[Result "1/2-1/2"]
[WhiteElo "2317"]
[BlackElo "2149"]
[PlyCount "45"]
[EventDate "2009.09.19"]

1. e4 c6 2. d4 d5 3. Nd2 dxe4 4. Nxe4 Bf5 5. Ng3 Bg6 6. h4 h6 7. Nf3 e6 8. Ne5
Bh7 9. Qh5 Qc7 10. Bc4 Nf6 11. Qe2 Bd6 12. O-O O-O 13. c3 Nbd7 14. f4 c5 15.
Be3 Nb6 16. Bb3 Nbd5 17. Kh1 Rad8 18. Bg1 Rfe8 19. Rae1 Qc8 20. dxc5 Bxc5 21.
Bxc5 Qxc5 22. Rf3 Rd6 23. Bc2 1/2-1/2

[Event "Prva liga Centalne Srbije 2009"]
[Site "Vrnjacka Banja"]
[Date "2009.09.19"]
[Round "1.6"]
[White "Panic, Nenad"]
[Black "Govedarica, Radovan"]
[Result "1/2-1/2"]
[WhiteElo "2398"]
[BlackElo "2394"]
[PlyCount "142"]
[EventDate "2009.09.19"]

1. d4 Nf6 2. Nf3 e6 3. e3 c5 4. Bd3 cxd4 5. exd4 Be7 6. O-O O-O 7. Re1 b6 8. c4
Bb7 9. Nc3 d5 10. cxd5 Nxd5 11. Ne4 Nd7 12. Nfg5 N7f6 13. Qf3 g6 14. Qh3 h5 15.
Qg3 Qc7 16. f4 Nxe4 17. Bxe4 Bxg5 18. fxg5 Qxg3 19. hxg3 Rfd8 20. Bxd5 Bxd5 21.
Bd2 Rdc8 22. Bc3 a5 23. a3 Rc4 24. Kf2 b5 25. Ke3 Bxg2 26. Rac1 Bd5 27. Bd2 Kg7
28. Rxc4 bxc4 29. Rf1 Kf8 30. Bc3 Ke8 31. Rf4 Bc6 32. Rh4 Ra7 33. g4 hxg4 34.
Rxg4 Rb7 35. Kf4 Rb5 36. Rh4 Rf5+ 37. Kg4 Bf3+ 38. Kg3 Bh5 39. Bd2 Rb5 40. Bc1
Rb3+ 41. Kf4 c3 42. Rh2 Ke7 43. Rc2 cxb2 44. Rxb2 Rc3 45. Rb7+ Kd6 46. Bb2 Rf3+
47. Ke4 Rf5 48. Ra7 Kc6 49. Bc1 Kb6 50. Re7 Rf1 51. Bf4 Bf3+ 52. Ke5 Bg4 53.
Rxf7 Kb5 54. Ra7 Ra1 55. Bd2 Rxa3 56. Rc7 Ra2 57. Rc5+ Kb6 58. Be3 Re2 59. Kf4
Ka6 60. d5 exd5 61. Rc6+ Kb5 62. Rxg6 Rg2 63. Rd6 Kc4 64. Rc6+ Kb4 65. Rb6+ Kc3
66. Rc6+ Kb3 67. Rb6+ Kc4 68. Rc6+ Kb5 69. Rb6+ Kc4 70. Rc6+ Kb4 71. Rb6+ Kc4
1/2-1/2

[Event "Prva liga Centalne Srbije 2009"]
[Site "Vrnjacka Banja"]
[Date "2009.09.19"]
[Round "1.6"]
[White "Lapcevic, Milos"]
[Black "Markovic, Zoran S"]
[Result "1-0"]
[WhiteElo "2390"]
[BlackElo "2350"]
[PlyCount "141"]
[EventDate "2009.09.19"]

1. d4 d5 2. c4 e6 3. Nc3 Nf6 4. Bg5 Be7 5. e3 O-O 6. Nf3 h6 7. Bh4 b6 8. Bd3
Bb7 9. O-O Nbd7 10. Bg3 c5 11. Qe2 Ne4 12. cxd5 exd5 13. Rfd1 Re8 14. dxc5 Nxg3
15. hxg3 Nxc5 16. Bb5 Rf8 17. Bc4 dxc4 18. Rxd8 Rfxd8 19. Qxc4 Rac8 20. Rd1
Rxd1+ 21. Nxd1 Ne4 22. Qb3 Bf6 23. Kh2 Rd8 24. Qc2 Rc8 25. Qa4 a6 26. Qd7 Nc5
27. Qg4 Rd8 28. Nd4 Ne6 29. Nxe6 Bc8 30. Qe2 Bxe6 31. b3 b5 32. e4 Rd4 33. Nc3
Rd8 34. Nd5 Bxd5 35. exd5 Kf8 36. Qe4 Rd6 37. g4 Be7 38. f4 Rg6 39. Qf5 Rd6 40.
Qc8+ Bd8 41. Qb7 g6 42. g3 Kg7 43. Kg2 Kf6 44. Kf3 Kg7 45. Ke4 Kf8 46. Ke5 Be7
47. Qc8+ Kg7 48. Qc7 f6+ 49. Ke4 Kf7 50. f5 gxf5+ 51. gxf5 Kf8 52. Qc8+ Kf7 53.
Qh8 Bf8 54. Qh7+ Ke8 55. Qg6+ Ke7 56. b4 Rd7 57. Qh7+ Ke8 58. Qg6+ Ke7 59. a3
Rd6 60. Qh7+ Ke8 61. Kd4 Rd7 62. Qg8 Rd6 63. Kc5 Rd7+ 64. Kc6 Rd6+ 65. Kb7 Ke7
66. Qh7+ Ke8 67. Qg8 Ke7 68. Kc7 Rd7+ 69. Kc6 Rd6+ 70. Kc5 Rd7 71. d6+ 1-0

[Event "Prva liga Centalne Srbije 2009"]
[Site "Vrnjacka Banja"]
[Date "2009.09.19"]
[Round "1.6"]
[White "Brankovic, Dejan"]
[Black "Dezelin, Milan"]
[Result "1/2-1/2"]
[WhiteElo "2358"]
[BlackElo "2314"]
[PlyCount "61"]
[EventDate "2009.09.19"]

1. e4 c5 2. Nf3 d6 3. d4 cxd4 4. Nxd4 Nf6 5. Nc3 g6 6. Be3 Bg7 7. f3 O-O 8. Qd2
Nc6 9. Bc4 Bd7 10. O-O-O Qb8 11. Bb3 Rc8 12. Kb1 a5 13. Ndb5 Ne5 14. a4 Nc4 15.
Bxc4 Rxc4 16. b3 Rc8 17. g4 Be6 18. Bd4 Rc6 19. h4 Qf8 20. h5 Rac8 21. h6 Bh8
22. g5 Nd7 23. Bxh8 Kxh8 24. f4 Rc5 25. Rc1 Kg8 26. Ne2 f6 27. Qd4 Bf7 28. Rhf1
fxg5 29. fxg5 Qe8 30. Rf2 Ne5 31. Nf4 1/2-1/2

[Event "Prva liga Centalne Srbije 2009"]
[Site "Vrnjacka Banja"]
[Date "2009.09.19"]
[Round "1.6"]
[White "Djokic, Nebojsa"]
[Black "Prelevic, Dusko"]
[Result "0-1"]
[WhiteElo "2216"]
[BlackElo "2321"]
[PlyCount "60"]
[EventDate "2009.09.19"]

1. e4 c6 2. d4 d5 3. e5 Bf5 4. Nf3 e6 5. Be2 Ne7 6. Nh4 c5 7. Bb5+ Nbc6 8. O-O
cxd4 9. Bg5 Qb6 10. Bxe7 Bxe7 11. Nxf5 exf5 12. Qe2 O-O 13. Nd2 Nd8 14. Nb3 Ne6
15. Bd3 f4 16. g3 Bg5 17. Qg4 g6 18. h4 Bh6 19. h5 Rae8 20. Kg2 Qd8 21. Bb5 Re7
22. Rad1 Qc7 23. Rh1 fxg3 24. hxg6 Nf4+ 25. Kxg3 fxg6 26. Rxh6 Qxe5 27. Rf1 Rf5
28. Kh2 Rg5 29. Qf3 Kg7 30. Re1 Qxe1 0-1

[Event "Prva liga Centalne Srbije 2009"]
[Site "Vrnjacka Banja"]
[Date "2009.09.19"]
[Round "1.6"]
[White "Organdziev, Oliver"]
[Black "Madjar, Stanislav"]
[Result "1-0"]
[WhiteElo "2297"]
[BlackElo "2171"]
[PlyCount "97"]
[EventDate "2009.09.19"]

1. Nf3 Nf6 2. d4 e6 3. c4 Bb4+ 4. Bd2 Qe7 5. g3 Nc6 6. Bg2 Bxd2+ 7. Nbxd2 d6 8.
O-O O-O 9. e4 e5 10. d5 Nb8 11. b4 a5 12. a3 Na6 13. Rb1 Bd7 14. Ne1 c6 15.
dxc6 bxc6 16. Nd3 axb4 17. axb4 Rfb8 18. Re1 Ra7 19. Ra1 Be6 20. Ra4 Qb7 21.
Qc2 Nc7 22. Rxa7 Qxa7 23. c5 Nb5 24. cxd6 Nd4 25. Qc5 Qxc5 26. bxc5 Nd7 27. Ra1
f6 28. f4 Kf8 29. Ra7 Ke8 30. Bf1 h6 31. Kf2 g5 32. fxe5 fxe5 33. Be2 Nb5 34.
Ra6 Nd4 35. Bd1 Kf7 36. Ba4 Rc8 37. Ra7 Kf6 38. Nf3 Nxf3 39. Kxf3 g4+ 40. Ke3
h5 41. Kd2 Nf8 42. Kc3 Nd7 43. Bb3 Nf8 44. Ba4 Nd7 45. Ra6 Nb8 46. Ra8 Bd7 47.
Kb4 Be8 48. Kc3 Bg6 49. Bxc6 1-0

[Event "Prva liga Centalne Srbije 2009"]
[Site "Vrnjacka Banja"]
[Date "2009.09.19"]
[Round "1.6"]
[White "Ilic, Aleksandar"]
[Black "Andrejic, Vladica"]
[Result "0-1"]
[WhiteElo "2121"]
[BlackElo "2213"]
[PlyCount "120"]
[EventDate "2009.09.19"]

1. e4 d5 2. exd5 Nf6 3. d4 Nxd5 4. g3 g6 5. Bg2 Bg7 6. Nf3 O-O 7. O-O Bg4 8. h3
Bf5 9. Nh4 Bc8 10. Na3 c6 11. Nc4 Nd7 12. f4 e6 13. Ne5 Qc7 14. Nxd7 Bxd7 15.
c4 Ne7 16. Be3 Rfd8 17. Qc2 Be8 18. Rad1 Rd7 19. Nf3 Qa5 20. b3 Rad8 21. g4 b5
22. Ne5 Rc7 23. Rf2 bxc4 24. bxc4 Rb8 25. Rb1 Rcb7 26. Rxb7 Rxb7 27. Bd2 Qa6
28. Bf1 c5 29. dxc5 Qa3 30. Be2 Rb2 31. Bc1 Rxc2 32. Bxa3 Rc3 33. Bb4 Bxe5 34.
fxe5 Rxc4 35. a3 Bc6 36. Bf1 Rc1 37. Bd2 Ra1 38. Bg5 Nd5 39. Bh6 f6 40. exf6
Kf7 41. Bd2 Rxa3 42. g5 a5 43. Kh2 a4 44. Bg2 Rd3 45. Ba5 a3 46. Ra2 Rb3 47.
Kg1 Rb1+ 48. Kh2 Rb2 49. Rxb2 axb2 50. Be4 Nxf6 51. Bb1 Ne4 52. h4 e5 53. Ba2+
Ke7 54. Kg1 Bd5 55. Bb1 Ke6 56. Kf1 Nxc5 57. Bc3 Na4 58. Bb4 Bc4+ 59. Ke1 Kd5
60. Kd2 e4 0-1

[Event "Prva liga Centalne Srbije 2009"]
[Site "Vrnjacka Banja"]
[Date "2009.09.20"]
[Round "2.1"]
[White "Kojovic, Dragan"]
[Black "Govedarica, Radovan"]
[Result "1-0"]
[WhiteElo "2389"]
[BlackElo "2394"]
[PlyCount "73"]
[EventDate "2009.09.19"]

1. d4 Nf6 2. c4 e6 3. Nc3 Bb4 4. Qc2 c5 5. a3 Bxc3+ 6. bxc3 Nc6 7. Nf3 d6 8. e4
e5 9. d5 Ne7 10. Bd3 Ng6 11. O-O O-O 12. Re1 h6 13. Nd2 Nf4 14. Nf1 Nxd3 15.
Qxd3 Kh8 16. Ra2 Ng8 17. f4 Qe7 18. Qg3 Kh7 19. Rf2 Nf6 20. f5 a6 21. Qh3 Rh8
22. g4 Kg8 23. Qg2 Kf8 24. h3 Qd7 25. Rb2 Qa4 26. Qc2 Qxc2 27. Rxc2 Ke7 28. Rb2
Rb8 29. Kg2 Kd7 30. Kf3 Kc7 31. Bd2 Bd7 32. Reb1 b5 33. Ne3 Rb7 34. Be1 Rhb8
35. Bh4 Ne8 36. g5 hxg5 37. Bxg5 1-0

[Event "Prva liga Centalne Srbije 2009"]
[Site "Vrnjacka Banja"]
[Date "2009.09.20"]
[Round "2.1"]
[White "Lapcevic, Milos"]
[Black "Solomunovic, Igor"]
[Result "1-0"]
[WhiteElo "2390"]
[BlackElo "2422"]
[PlyCount "91"]
[EventDate "2009.09.19"]

1. d4 d5 2. c4 e6 3. Nc3 Be7 4. Nf3 Nf6 5. Bg5 O-O 6. e3 h6 7. Bh4 b6 8. Bd3
Bb7 9. O-O Nbd7 10. Bg3 c5 11. Qe2 Ne4 12. cxd5 exd5 13. Rfd1 Nxg3 14. hxg3 Nf6
15. dxc5 bxc5 16. e4 d4 17. Nb1 Bd6 18. Qc2 Re8 19. Nbd2 Rc8 20. Re1 Ng4 21.
Nc4 Bb8 22. Re2 Qc7 23. Rae1 Nxf2 24. Rxf2 Qxg3 25. Kf1 Bf4 26. e5 Bd5 27. Nd6
Be3 28. Bh7+ Kh8 29. Be4 Bxe4 30. Nxe4 Qg6 31. Nd6 Qg3 32. Rfe2 c4 33. Qf5 Rb8
34. Ne4 Qg6 35. Qxg6 fxg6 36. Nd6 Rf8 37. Nxc4 Bf4 38. e6 d3 39. Re4 g5 40. e7
Rfe8 41. Rd4 Kh7 42. Rd7 g4 43. Nfe5 d2 44. Nxd2 Bg5 45. Nec4 Rb5 46. Nd6 1-0

[Event "Prva liga Centalne Srbije 2009"]
[Site "Vrnjacka Banja"]
[Date "2009.09.20"]
[Round "2.1"]
[White "Rabrenovic, Vladan"]
[Black "Dezelin, Milan"]
[Result "1/2-1/2"]
[WhiteElo "2380"]
[BlackElo "2314"]
[PlyCount "67"]
[EventDate "2009.09.19"]

1. d4 Nf6 2. c4 e6 3. Nc3 Bb4 4. g3 c5 5. Nf3 Ne4 6. Qd3 cxd4 7. Nxd4 Bxc3+ 8.
bxc3 Nc5 9. Qe3 b6 10. Bg2 Bb7 11. Bxb7 Nxb7 12. Qe4 Nc6 13. Ba3 Rc8 14. Rd1
Nxd4 15. Qxd4 f6 16. Qg4 Kf7 17. O-O d6 18. Rd4 Qe7 19. Qh5+ g6 20. Qf3 Rhd8
21. Rfd1 e5 22. Qd5+ Kg7 23. Rh4 Rd7 24. Re4 Qf7 25. Qb5 Rdc7 26. Rd5 f5 27.
Re3 Rxc4 28. Bxd6 Nxd6 29. Rxd6 R8c5 30. Qd7 Rc7 31. Qxf7+ Kxf7 32. Rxe5 Rxc3
33. h4 R3c6 34. Red5 1/2-1/2

[Event "Prva liga Centalne Srbije 2009"]
[Site "Vrnjacka Banja"]
[Date "2009.09.20"]
[Round "2.1"]
[White "Djokic, Nebojsa"]
[Black "Irizanin, Radoje"]
[Result "1/2-1/2"]
[WhiteElo "2216"]
[BlackElo "2303"]
[PlyCount "52"]
[EventDate "2009.09.19"]

1. e4 Nf6 2. e5 Nd5 3. d4 d6 4. c4 Nb6 5. exd6 exd6 6. Bd3 Be7 7. Ne2 Nc6 8.
Nbc3 O-O 9. O-O Bf6 10. b3 Bg4 11. f3 Nxd4 12. Bxh7+ Kxh7 13. Nxd4 Bh5 14. Be3
Re8 15. Qd2 Bg6 16. Nde2 Qe7 17. Bf2 Bg5 18. f4 Bh6 19. Rae1 f5 20. Nd4 Qf7 21.
g3 Nd7 22. Nf3 Bh5 23. Kg2 Nf6 24. Bd4 Ne4 25. Qd3 Bxf3+ 26. Rxf3 Nxc3 1/2-1/2

[Event "Prva liga Centalne Srbije 2009"]
[Site "Vrnjacka Banja"]
[Date "2009.09.20"]
[Round "2.1"]
[White "Mirkovic, Stevan"]
[Black "Madjar, Stanislav"]
[Result "1/2-1/2"]
[WhiteElo "2245"]
[BlackElo "2171"]
[PlyCount "64"]
[EventDate "2009.09.19"]

1. Nf3 Nf6 2. c4 e6 3. Nc3 Bb4 4. Qc2 O-O 5. g3 b6 6. Bg2 Bb7 7. O-O Bxc3 8.
Qxc3 d6 9. b3 Nbd7 10. Bb2 Qe7 11. d4 Ne4 12. Qc1 f5 13. Ne1 Rab8 14. Nd3 c5
15. dxc5 Ndxc5 16. Nxc5 Nxc5 17. Bxb7 Rxb7 18. Qc2 Rd7 19. Rad1 Ne4 20. f3 Nc5
21. Rd2 Rc8 22. Rfd1 Nb7 23. Qd3 Qg5 24. Qd4 Rcd8 25. f4 Qe7 26. Ba3 Nc5 27.
Bxc5 bxc5 28. Qd3 d5 29. cxd5 Rxd5 30. Qe3 Rxd2 31. Rxd2 Rxd2 32. Qxd2 Kf7
1/2-1/2

[Event "Prva liga Centalne Srbije 2009"]
[Site "Vrnjacka Banja"]
[Date "2009.09.20"]
[Round "2.1"]
[White "Ilic, Aleksandar"]
[Black "Radivojevic, Miladin"]
[Result "1-0"]
[WhiteElo "2121"]
[BlackElo "2163"]
[PlyCount "97"]
[EventDate "2009.09.19"]

1. e4 c5 2. Nf3 d6 3. d4 cxd4 4. Nxd4 Nf6 5. Nc3 a6 6. f3 e6 7. Be3 Be7 8. Qd2
b5 9. g4 b4 10. Nce2 h6 11. O-O-O Qc7 12. Kb1 Nbd7 13. h4 d5 14. exd5 Nxd5 15.
Nf5 Nxe3 16. Nxe3 Bb7 17. Nd4 Rd8 18. Bg2 Ne5 19. Qf2 Bc5 20. Nb3 Bb6 21. Rxd8+
Kxd8 22. Qe2 Ke7 23. Re1 Rd8 24. g5 h5 25. f4 Bxe3 26. Qxe3 Nc4 27. Qa7 Rb8 28.
Nc5 Qxf4 29. Bxb7 Qc7 30. g6 Nd6 31. gxf7 Nxb7 32. Rxe6+ Kxf7 33. Rb6 Re8 34.
a4 Kg8 35. Rxb7 Qe5 36. Nd3 Qf6 37. Qb6 Qxh4 38. Qg6 Qh1+ 39. Ka2 Qd5+ 40. b3
Qxb7 41. Qxe8+ Kh7 42. Qxh5+ Kg8 43. Qf5 Qb6 44. Nf4 Qd4 45. Qe6+ Kh7 46. Qg6+
Kg8 47. Ne6 Qc3 48. Ng5 Qe5 49. Qf7+ 1-0

[Event "Prva liga Centalne Srbije 2009"]
[Site "Vrnjacka Banja"]
[Date "2009.09.20"]
[Round "2.2"]
[White "Blagojevic, Dragisa"]
[Black "Panic, Nenad"]
[Result "1-0"]
[WhiteElo "2546"]
[BlackElo "2398"]
[PlyCount "101"]
[EventDate "2009.09.19"]

1. d4 Nf6 2. c4 e6 3. Nf3 b6 4. g3 Ba6 5. b3 b5 6. cxb5 Bxb5 7. Bg2 d5 8. O-O
Nbd7 9. Ba3 Bd6 10. Bxd6 cxd6 11. Nc3 Qb6 12. Nxb5 Qxb5 13. Qc2 O-O 14. Rfc1 a5
15. a4 Qb7 16. Nd2 Rfc8 17. Qd3 Rxc1+ 18. Rxc1 Rc8 19. Rc3 Nb8 20. e3 Rc6 21.
Bf1 Kf8 22. Qc2 Rxc3 23. Qxc3 Nc6 24. Bb5 Nb4 25. f3 Ke7 26. Nb1 Kd8 27. Kf2
Qe7 28. Na3 Qc7 29. Qxc7+ Kxc7 30. Ke2 e5 31. Kd2 e4 32. f4 Ng4 33. h3 Nf2 34.
Bf1 h5 35. Nc2 Nfd3 36. Bxd3 Nxd3 37. g4 h4 38. Ne1 Nf2 39. Ke2 Nxh3 40. Kf1 g5
41. Kg2 Nxf4+ 42. exf4 gxf4 43. Kh3 Kd7 44. Kxh4 Ke6 45. Kg5 f3 46. Nc2 Ke7 47.
Kf5 Kf8 48. Ne3 f2 49. Kf4 Kg7 50. Kg3 Kf6 51. Kxf2 1-0

[Event "Prva liga Centalne Srbije 2009"]
[Site "Vrnjacka Banja"]
[Date "2009.09.20"]
[Round "2.2"]
[White "Ristic, Nenad"]
[Black "Brankovic, Dejan"]
[Result "1/2-1/2"]
[WhiteElo "2407"]
[BlackElo "2358"]
[PlyCount "63"]
[EventDate "2009.09.19"]

1. e4 c5 2. c3 d5 3. exd5 Qxd5 4. d4 Nc6 5. Nf3 Bg4 6. Be2 e6 7. h3 Bxf3 8.
Bxf3 Qd7 9. O-O cxd4 10. cxd4 Nxd4 11. Bxb7 Rd8 12. Ba6 Nf6 13. Nc3 Bd6 14. Be3
Bb8 15. Qa4 Qxa4 16. Nxa4 Nc2 17. Bb5+ Ke7 18. Bc5+ Bd6 19. Rac1 Bxc5 20. Nxc5
Nd4 21. Bc4 Rb8 22. Rfd1 Rhd8 23. Nb3 Nxb3 24. Bxb3 Rxd1+ 25. Rxd1 Ne4 26. Bc2
Nd6 27. b3 Rc8 28. Bd3 e5 29. f3 f5 30. Rd2 Rc3 31. g4 g6 32. Kg2 1/2-1/2

[Event "Prva liga Centalne Srbije 2009"]
[Site "Vrnjacka Banja"]
[Date "2009.09.20"]
[Round "2.2"]
[White "Zlatanovic, Boroljub"]
[Black "Organdziev, Oliver"]
[Result "1/2-1/2"]
[WhiteElo "2404"]
[BlackElo "2297"]
[PlyCount "139"]
[EventDate "2009.09.19"]

1. e4 e6 2. Nc3 d5 3. Nf3 Nf6 4. d3 dxe4 5. Nxe4 Nxe4 6. dxe4 Qxd1+ 7. Kxd1 Bc5
8. Ke1 f6 9. Bc4 Nc6 10. c3 a5 11. a4 Bd7 12. Ke2 Ke7 13. Rd1 Rad8 14. Nd4 Bxd4
15. cxd4 e5 16. dxe5 Nxe5 17. Bb3 Be6 18. Rxd8 Rxd8 19. Bxe6 Kxe6 20. Bd2 b6
21. Rc1 Rd7 22. Rc3 g5 23. f3 c5 24. Be3 h5 25. Bf2 h4 26. Be3 Rd6 27. Bf2 Kd7
28. f4 gxf4 29. Bxh4 Rd4 30. Bxf6 Rxe4+ 31. Kd2 Ng4 32. Rd3+ Kc6 33. Bg5 Nxh2
34. b3 Nf1+ 35. Kc1 Ng3 36. Kb1 Ne2 37. Kc2 Re5 38. Bh6 Nd4+ 39. Kd1 Re4 40.
Rh3 b5 41. axb5+ Kxb5 42. Rh4 Ne6 43. Rh3 Kb4 44. Rf3 a4 45. bxa4 Kxa4 46. g3
fxg3 47. Rxg3 Rh4 48. Be3 c4 49. Kc2 Nc7 50. Rg8 Nd5 51. Ra8+ Kb5 52. Rb8+ Kc6
53. Bd2 Rh2 54. Kc1 Kc5 55. Rg8 Nf6 56. Rc8+ Kd4 57. Rd8+ Nd5 58. Rg8 Nf6 59.
Rd8+ Ke4 60. Rc8 Kd4 61. Rd8+ Ke4 62. Rc8 Kd4 63. Rd8+ Nd5 64. Rg8 c3 65. Rg4+
Kd3 66. Rg3+ Kc4 67. Bxc3 Nxc3 68. Rg4+ Kb3 69. Rb4+ Ka2 70. Rb2+ 1/2-1/2

[Event "Prva liga Centalne Srbije 2009"]
[Site "Vrnjacka Banja"]
[Date "2009.09.20"]
[Round "2.2"]
[White "Andrejic, Vladica"]
[Black "Lazic, Dragoljub"]
[Result "0-1"]
[WhiteElo "2213"]
[BlackElo "2317"]
[PlyCount "132"]
[EventDate "2009.09.19"]

1. d4 Nf6 2. c4 g6 3. Nc3 Bg7 4. e4 d6 5. h3 O-O 6. Nf3 c5 7. d5 e6 8. Bd3 exd5
9. exd5 Re8+ 10. Be3 b5 11. Nxb5 Ne4 12. O-O a6 13. Nc3 Nxc3 14. bxc3 Bxc3 15.
Rc1 Bg7 16. Bf4 Bf8 17. Qd2 Nd7 18. Rfe1 Nf6 19. Bg5 Bd7 20. g4 h6 21. Rxe8
Bxe8 22. Bxh6 Nh7 23. Bxf8 Nxf8 24. Qf4 Nh7 25. g5 Rb8 26. h4 Rb2 27. Nd2 f5
28. Nf3 Rxa2 29. h5 Ra3 30. hxg6 Bxg6 31. Rd1 Kg7 32. Kg2 Bh5 33. Qxf5 Rxd3 34.
Qxd3 Nxg5 35. Nh4 Bxd1 36. Qxd1 Qd7 37. Qd3 Qg4+ 38. Qg3 Qxg3+ 39. Kxg3 Kf6 40.
Kf4 a5 41. Ke3 a4 42. Kd3 Nh3 43. Nf3 Nxf2+ 44. Kc2 Kf5 45. Nd2 Ke5 46. Nb1 Kd4
47. Na3 Ne4 48. Kb2 Kd3 49. Ka2 Nd2 50. Nb5 Nxc4 51. Kb1 Nd2+ 52. Kb2 Ne4 53.
Ka3 Kc4 54. Kxa4 Kxd5 55. Kb3 Kc6 56. Na3 d5 57. Kc2 c4 58. Kc1 Kc5 59. Nc2 d4
60. Ne1 d3 61. Nf3 c3 62. Kd1 Nf6 63. Ne5 Kd4 64. Nc6+ Ke3 65. Kc1 Ne4 66. Ne5
Ke2 0-1

[Event "Prva liga Centalne Srbije 2009"]
[Site "Vrnjacka Banja"]
[Date "2009.09.20"]
[Round "2.3"]
[White "Bojkov, Dejan"]
[Black "Misojcic, Miroslav"]
[Result "1-0"]
[WhiteElo "2528"]
[BlackElo "2232"]
[PlyCount "87"]
[EventDate "2009.09.19"]

1. e4 c5 2. Nf3 Nc6 3. Bb5 Qc7 4. O-O a6 5. Bxc6 Qxc6 6. Re1 e6 7. b3 Nf6 8. e5
Nd5 9. c4 Ne7 10. Nc3 b6 11. d4 Bb7 12. Ne4 Ng6 13. h4 h5 14. Bg5 cxd4 15. Nxd4
Qc7 16. Nd6+ Bxd6 17. exd6 Qc5 18. Rc1 O-O 19. Nf3 Rac8 20. Be3 Qc6 21. Qd4 b5
22. Red1 f6 23. c5 Ne5 24. Ne1 Ng6 25. f3 e5 26. Qb4 Rfe8 27. Nc2 a5 28. Qxa5
Nxh4 29. Rf1 Ra8 30. Qe1 Nf5 31. Nb4 Qc8 32. Qd2 Re6 33. Bf2 Qe8 34. Nd5 Qg6
35. Nc7 Bxf3 36. Be1 Bc6 37. Nxa8 Bxa8 38. c6 Rxd6 39. c7 Rxd2 40. c8=Q+ Kf7
41. Qxa8 Rd4 42. Rc8 Qg4 43. Rf8+ Kg6 44. Qe8+ 1-0

[Event "Prva liga Centalne Srbije 2009"]
[Site "Vrnjacka Banja"]
[Date "2009.09.20"]
[Round "2.3"]
[White "Urosevic, Zoran"]
[Black "Ristic, Nebojsa M"]
[Result "1/2-1/2"]
[WhiteElo "2292"]
[BlackElo "2377"]
[PlyCount "50"]
[EventDate "2009.09.19"]

1. e4 c5 2. Nf3 d6 3. d4 cxd4 4. Nxd4 Nf6 5. Nc3 g6 6. Be3 Bg7 7. f3 O-O 8. Bc4
Nc6 9. Qd2 Na5 10. Bb3 Nxb3 11. axb3 d5 12. e5 Ne8 13. f4 Nc7 14. O-O f6 15.
exf6 Bxf6 16. Nf3 b6 17. Rad1 Bb7 18. Rfe1 Qd6 19. Qc1 Rad8 20. Ne4 dxe4 21.
Rxd6 Rxd6 22. Ne5 Rfd8 23. Nc4 R6d7 24. Ne5 Rd6 25. Nc4 R6d7 1/2-1/2

[Event "Prva liga Centalne Srbije 2009"]
[Site "Vrnjacka Banja"]
[Date "2009.09.20"]
[Round "2.3"]
[White "Djokic, Nenad"]
[Black "Pantelic, Sasa"]
[Result "1-0"]
[WhiteElo "2349"]
[BlackElo "2320"]
[PlyCount "105"]
[EventDate "2009.09.19"]

1. d4 Nf6 2. Nf3 g6 3. c4 Bg7 4. Nc3 d6 5. e4 Bg4 6. Be2 O-O 7. Be3 Nfd7 8. Qb3
Bxf3 9. Bxf3 Nc6 10. Rd1 e5 11. dxe5 dxe5 12. Ne2 Qe7 13. O-O Rfb8 14. g3 Nc5
15. Qa3 Bf8 16. Rd5 b6 17. Bg2 Qe8 18. Qc3 Ne6 19. Bh3 Bb4 20. Qb3 Bd6 21. Rfd1
Rd8 22. a3 Bc5 23. Bxc5 Nxc5 24. Qe3 Ne6 25. f4 exf4 26. gxf4 Ne7 27. Nc3 c6
28. Bxe6 fxe6 29. R5d2 Rac8 30. Qh3 Rxd2 31. Qxe6+ Qf7 32. Qxf7+ Kxf7 33. Rxd2
Ke6 34. Kf2 Re8 35. Kf3 Nc8 36. h4 Nd6 37. b3 Re7 38. Ne2 c5 39. Ng3 Rb7 40. a4
a6 41. e5 Nf7 42. Ne4 h6 43. Rg2 Kf5 44. Ng3+ Ke6 45. Nf1 g5 46. hxg5 hxg5 47.
Ke4 gxf4 48. Rg6+ Ke7 49. Kxf4 b5 50. Ne3 bxa4 51. bxa4 a5 52. Nd5+ Ke8 53. e6
1-0

[Event "Prva liga Centalne Srbije 2009"]
[Site "Vrnjacka Banja"]
[Date "2009.09.20"]
[Round "2.3"]
[White "Lazic, Zeljko"]
[Black "Stankovic, Dragan P"]
[Result "1-0"]
[WhiteElo "2181"]
[BlackElo "2326"]
[PlyCount "97"]
[EventDate "2009.09.19"]

1. e4 c5 2. Nf3 e6 3. c3 Nf6 4. e5 Nd5 5. d4 cxd4 6. Qxd4 Nc6 7. Qe4 f5 8. exf6
Nxf6 9. Qh4 d5 10. Bg5 Bd6 11. Bd3 e5 12. Bg6+ Ke7 13. Bc2 h6 14. Bxf6+ gxf6
15. Nbd2 Qg8 16. O-O-O Be6 17. Bb3 Na5 18. Bc2 Nc6 19. Bb3 Rc8 20. Rhe1 h5 21.
h3 b5 22. Kb1 Qg6+ 23. Ka1 Kd7 24. Nf1 Ne7 25. Ne3 Rc5 26. g4 Qf7 27. g5 e4 28.
gxf6 Ng6 29. Qg5 Bf4 30. Qxf4 Nxf4 31. Ne5+ Kd6 32. Nxf7+ Bxf7 33. f3 Nd3 34.
Rg1 Rf8 35. fxe4 dxe4 36. Bc2 Ke5 37. Bxd3 exd3 38. Rg5+ Kd6 39. Rxd3+ Kc6 40.
Nf5 Rxf5 41. Rxf5 Bg6 42. Rdf3 Rd8 43. b3 Bxf5 44. Rxf5 h4 45. f7 Rf8 46. Kb2
Kd6 47. c4 bxc4 48. bxc4 Ke6 49. Rf1 1-0

[Event "Prva liga Centalne Srbije 2009"]
[Site "Vrnjacka Banja"]
[Date "2009.09.20"]
[Round "2.3"]
[White "Obradovic, Blazimir"]
[Black "Micic, Nenad"]
[Result "0-1"]
[WhiteElo "2207"]
[BlackElo "2247"]
[PlyCount "74"]
[EventDate "2009.09.19"]

1. d4 Nf6 2. Nf3 g6 3. g3 Bg7 4. Bg2 O-O 5. O-O d6 6. Nbd2 c5 7. c3 Nc6 8. Qc2
cxd4 9. Nxd4 Nxd4 10. cxd4 Qb6 11. e3 Be6 12. Ne4 Nxe4 13. Qxe4 d5 14. Qd3 Rfc8
15. Qa3 Rc2 16. b3 Rac8 17. Bb2 Bf8 18. Rfc1 Bf5 19. Rxc2 Rxc2 20. b4 e6 21.
Bc3 a5 22. Be1 Bxb4 23. Qb3 Qc6 24. Bxb4 Rc1+ 25. Rxc1 Qxc1+ 26. Bf1 Bh3 27.
Qd3 axb4 28. f3 Bxf1 29. Qxf1 Qxe3+ 30. Qf2 Qxf2+ 31. Kxf2 Kf8 32. g4 f6 33. f4
g5 34. Kg3 Ke7 35. h4 h6 36. f5 exf5 37. gxf5 h5 0-1